000 00310nam a22001457a 4500
003 SGT
082 _a346.20954,BHA
100 _aBHADBHADE,N
245 _aTHE INDIAN CONTRACT AND SPECIFIC
250 _a14TH
260 _aGURGAON
_bLEXIS NEXIS
_c2013
300 _a1039
650 _aCONTRACT
942 _2ddc
_cBK
999 _c9592
_d9592